The art of John Harris : beyond the horizon /

Bibliographic Details
Format: Book
Language:English
Published: London : Titan Books, 2014.
Subjects:

MARC

Tag First Indicator Second Indicator Subfields
LEADER 00000cam a2200000Ma 4500
001 in00003440321
005 20151206102033.0
008 140109s2014 enka 000 0 eng d
015 |a GBB429600  |2 bnb 
016 7 |a 016650506  |2 Uk 
020 |a 9781781168424 (hbk.) 
020 |a 1781168423 (hbk.) 
035 |a (OCoLC)ocn872985768 
035 |a (OCoLC)872985768 
040 |a UKMGB  |b eng  |c UKMGB  |d OCLCO  |d CDX  |d FSJ  |d TXA  |d UtOrBLW 
049 |a TXAM 
050 4 |a ND497.H3425  |b A77 2014 
082 0 4 |a 759.2  |2 23 
100 1 |a Harris, John,  |d 1948 July 29-  |e artist. 
240 1 0 |a Works.  |k Selections 
245 1 4 |a The art of John Harris :  |b beyond the horizon /  |c by John Harris. 
263 |a 201405 
264 1 |a London :  |b Titan Books,  |c 2014. 
300 |a 160 pages :  |b color illustrations ; 32 cm 
336 |a text  |b txt  |2 rdacontent 
336 |a still image  |b sti  |2 rdacontent 
337 |a unmediated  |b n  |2 rdamedia 
338 |a volume  |b nc  |2 rdacarrier 
600 1 0 |a Harris, John,  |d 1948 July 29- 
650 0 |a Science fiction in art. 
651 0 |a Outer space  |v In art. 
650 0 |a Fantastic, The, in art. 
650 0 |a Science fiction illustrators. 
650 0 |a Painting, British. 
938 |a Coutts Information Services  |b COUT  |n 26131717 
948 |a cataloged  |b h  |c 2014/7/3  |d c  |e junters  |f 10:36:30 am 
994 |a C0  |b TXA 
999 |a MARS 
999 f f |s e85449b9-9e85-3567-9295-a7f66aea0893  |i 286d0e9d-d590-31ff-b83c-9b2ad8f95091  |t 0 
952 f f |p noncirc  |a Texas A&M University  |b College Station  |c Cushing Memorial Library & Archives  |d Cushing: Science Fiction (Does not check out)  |t 0  |e ND497.H3425 A77 2014  |f Oversize  |h Library of Congress classification  |i unmediated -- volume 
998 f f |a ND497.H3425 A77 2014  |t 0  |l Cushing: Science Fiction (Does not check out)